| 000 | 00448nam a2200157 i 4500 | ||
|---|---|---|---|
| 001 | 184959 | ||
| 003 | ES-MaACL | ||
| 005 | 20250602063236.0 | ||
| 008 | 160229s1922 gw |||| | ger d | ||
| 100 | 1 |
_aDiehl, Karl, _d1864-1943 _944592 |
|
| 245 | 1 | 0 |
_aTheoretische nationalökonomie / _cvon Karl Diehl. |
| 260 |
_aJena : _bG. Fischer, _c1922. |
||
| 300 |
_aIX, 500 p. ; _c25 cm. |
||
| 852 |
_aES-MaACL _jG-921 |
||
| 999 |
_c184959 _d184959 |
||